| 000 | 00534cam a2200205ua 4500 | ||
|---|---|---|---|
| 001 | 11218 | ||
| 005 | 20260515114724.0 | ||
| 008 | 190903n ii |||gr||||Z||||||eng | ||
| 020 | _a9788120350489 | ||
| 040 | _cMAIN | ||
| 041 | _aeng | ||
| 082 | _a320.5 | ||
| 100 |
_aSushila Ramaswamy, _eAuthor. |
||
| 245 |
_aPolitical theory : _bIdeas and concepts / _cBy Sushila Ramaswamy . |
||
| 250 | _a2nd ed. | ||
| 260 |
_aDelhi: _bPHI learning private limited, _c2018. |
||
| 300 | _a564p. | ||
| 653 | _aPolitical science | ||
| 942 | _cBK | ||
| 999 |
_c10070 _d10070 |
||